000 00670nas a2200241 4500
001 BR8804883
003 BR-BrBNA
005 20231205091251.0
007 ta
008 230509b bl.|||p| |||| 00| 00por d
040 _aBR-BrBNA
_bpor
_cBiblioteca Nacional de Agricultura
041 _a(Pt)
072 _aE21; E71; F01
100 1 _aAnon.
245 1 _aQuem esta bebendo o suco da laranja?
650 _aCITRICULTURA
650 _aFRUTA CITRICA
650 _aLARANJA
650 _aSUCO CONCENTRADO
773 0 _tGranja (Brazil)
_xISSN 0367-505X
_g(Jun 1988), v. 44(484) p. 27-34
_wBR8804883
909 _a202311
_bLúcia
_c55
_dLúcia Elande
942 _2AGRIS
_n0
_cANA
999 _c123996
_d123996